Athens City Trivia - Statistics

General Stats
  • This quiz has been taken 898 times
    294 since last reset
  • The average score is 13 of 20
Answer Stats
Hint Answer % Correct
Event that Athens hosted for the first time in 1896 Summer Olympics
98%
Well-known temple in Athens that is dedicated to goddess Athena Parthenon
97%
Main rival city-state of Athens during classical antiquity Sparta
95%
System of government established by Athens around 500 BC Democracy
91%
Founder of the Academy of Athens Plato
90%
Philosopher who drank hemlock when convicted of corrupting the youth of Athens Socrates
89%
Flat-topped and high ground area the above is located on Acropolis
87%
Athenian philosopher was Alexander the Great's tutor Aristotle
84%
Empire that conquered and burned the city in 479 BCE Achaemenid Empire
75%
Closest world capital to Athens Skopje
70%
Name of the war that Athens fought against the above between 431BC-404 BC Peloponnesian War
68%
U.S. state that has its flagship public university in a city named Athens Georgia
53%
Greek god that competed against Athena for the then-unnamed city of Athens to be named after themselves Poseidon
52%
Italian painter who painted "The School of Athens" Raphael
49%
General who was the "first citizen" of Athens during its Golden Age Pericles
47%
Athens is the seat of this Greek administrative region Attica
42%
They competed by each giving one gift to the city. What did Athena give? Olive Tree
40%
Name of the central square of Athens {Syntagma} Square
31%
Mythical king and founder-hero of Athens Theseus
25%
Gulf that Athens metropolitan area borders to its south {Saronic} Gulf
18%
No matching quizzes found
Score Distribution
Percent of People with Each Score
Percentile by Number Answered
Your Score History
You have not taken this quiz since the last reset